Η πολιτική επικοινωνία στην Ελλάδα
Αποθηκεύτηκε σε:
| Άλλοι συγγραφείς: | |
|---|---|
| Μορφή: | Βιβλίο |
| Γλώσσα: | Greek |
| Δημοσίευση: |
Αθήνα :
Παπαζήσης,
2002.
|
| Σειρά: | Κοινωνία, πολιτική και μέσα επικοινωνίας
|
| Θέματα: | |
| Ετικέτες: |
Προσθήκη ετικέτας
Δεν υπάρχουν, Καταχωρήστε ετικέτα πρώτοι!
|
MARC
| LEADER | 00000cam a2200000 a 4500 | ||
|---|---|---|---|
| 001 | 1/122965 | ||
| 008 | 210520s2002####gr | ||| |||| ||gre|| | ||
| 020 | |a 9600215944 | ||
| 040 | |a GR-MyUa |b gre |c GR-MyUa |e AACR2 | ||
| 041 | 0 | |a gre | |
| 082 | 7 | |a 320.9 |2 (23) | |
| 245 | 0 | 2 | |a Η πολιτική επικοινωνία στην Ελλάδα / |c εισαγωγή, επιμέλεια: Νίκος Δεμερτζής. |
| 260 | |a Αθήνα : |b Παπαζήσης, |c 2002. | ||
| 300 | |a 468 σ. : |b πίν. ; |c 21 εκ. | ||
| 490 | 1 | |a (Κοινωνία, πολιτική και μέσα επικοινωνίας) | |
| 504 | |a Περιλαμβάνει βιβλιογραφικές παραπομπές. | ||
| 650 | 0 | |a Communication |x Political aspects. | |
| 650 | 0 | |a Communication in politics | |
| 651 | 0 | |a Greece |x Politics and government. | |
| 700 | 1 | |a Δεμερτζής, Νίκος, |d 1958- |e edt |e aui | |
| 830 | 0 | |a Κοινωνία, πολιτική και μέσα επικοινωνίας | |
| 852 | |a INST |b RHODES |c EUDOXUS |e 20210520 |h 320.9 ΠΟΛ |p 005400042085 |q 005400042085 |t EDX |y 0 | ||
| 920 | |a Εύδοξος |b Παραγγελία |y Ρόδος-ΤΜΣ |z 2021-05 | ||
| 970 | |z 20-05-2021 | ||